Химия коллоидов и нанопорошков: учебное пособие
| Coauteur: | |
|---|---|
| Andere auteurs: | , , , |
| Samenvatting: | Заглавие с титульного экрана Электронная версия печатной публикации Пособие посвящено актуальным проблемам коллоидных систем. Особенностью материала является рассмотрение системы газ - твердое тело - нанопорошки металлов. Приведены экспериментальные результаты исследования свойств нанопорошков металлов, особенности их структуры. Предназначено для обучения студентов старших курсов, магистрантов, аспирантов и научных сотрудников, специализирующихся в области нанопорошков. Режим доступа: из корпоративной сети ТПУ |
| Taal: | Russisch |
| Gepubliceerd in: |
Томск, Изд-во ТПУ, 2013
|
| Onderwerpen: | |
| Online toegang: | http://www.lib.tpu.ru/fulltext2/m/2013/m254.pdf |
| Formaat: | Elektronisch Boek |
| KOHA link: | https://koha.lib.tpu.ru/cgi-bin/koha/opac-detail.pl?biblionumber=244674 |
MARC
| LEADER | 00000nlm0a2200000 4500 | ||
|---|---|---|---|
| 001 | 244674 | ||
| 005 | 20240115145724.0 | ||
| 035 | |a (RuTPU)RU\TPU\book\266063 | ||
| 090 | |a 244674 | ||
| 100 | |a 20131025d2013 m y0rusy50 ca | ||
| 101 | 0 | |a rus | |
| 102 | |a RU | ||
| 105 | |a a j 001zy | ||
| 135 | |a drcn ---uucaa | ||
| 181 | 0 | |a i | |
| 182 | 0 | |a b | |
| 200 | 1 | |a Химия коллоидов и нанопорошков |e учебное пособие |f А. П. Ильин [и др.] |g Национальный исследовательский Томский политехнический университет (ТПУ), Институт физики высоких технологий (ИФВТ), Кафедра общей и неорганической химии (ОНХ) | |
| 203 | |a Текст |c электронный | ||
| 210 | |a Томск |c Изд-во ТПУ |d 2013 | ||
| 300 | |a Заглавие с титульного экрана | ||
| 300 | |a Электронная версия печатной публикации | ||
| 330 | |a Пособие посвящено актуальным проблемам коллоидных систем. Особенностью материала является рассмотрение системы газ - твердое тело - нанопорошки металлов. Приведены экспериментальные результаты исследования свойств нанопорошков металлов, особенности их структуры. Предназначено для обучения студентов старших курсов, магистрантов, аспирантов и научных сотрудников, специализирующихся в области нанопорошков. | ||
| 333 | |a Режим доступа: из корпоративной сети ТПУ | ||
| 337 | |a Adobe Reader | ||
| 606 | 1 | |a Коллоидная химия |2 stltpush |3 (RuTPU)RU\TPU\subj\68635 |9 83831 | |
| 610 | 1 | |a электронный ресурс | |
| 610 | 1 | |a учебные пособия | |
| 610 | 1 | |a труды учёных ТПУ | |
| 610 | 1 | |a коллоидные системы | |
| 610 | 1 | |a нанопорошки | |
| 610 | 1 | |a система газ-твердое тело | |
| 610 | 1 | |a металлы | |
| 610 | 1 | |a структура | |
| 610 | 1 | |a свойства | |
| 610 | 1 | |a молибденовые порошки | |
| 610 | 1 | |a вольфрамовые порошки | |
| 610 | 1 | |a медные порошки | |
| 610 | 1 | |a электрические взрывы | |
| 675 | |a 544.7(075.8) |v 3 | ||
| 701 | 1 | |a Ильин |b А. П. |c химик |c профессор Томского политехнического университета, доктор физико-математических наук |f 1949- |g Александр Петрович |3 (RuTPU)RU\TPU\pers\25487 | |
| 701 | 1 | |a Мирошниченко |b Ю. Ю. |c химик |c доцент Томского политехнического университета, кандидат химических наук |f 1975- |g Юлия Юрьевна |3 (RuTPU)RU\TPU\pers\28567 |9 13386 | |
| 701 | 1 | |a Роот |b Л. О. |c химик |c доцент Томского политехнического университета, кандидат технических наук |f 1982- |g Людмила Олеговна |3 (RuTPU)RU\TPU\pers\28558 |9 13377 | |
| 701 | 1 | |a Коршунов |b А. В. |c химик |c доцент Томского политехнического университета, кандидат химических наук |f 1970- |g Андрей Владимирович |3 (RuTPU)RU\TPU\pers\25489 | |
| 712 | 0 | 2 | |a Национальный исследовательский Томский политехнический университет (ТПУ) |b Институт физики высоких технологий (ИФВТ) |b Кафедра общей и неорганической химии (ОНХ) |3 (RuTPU)RU\TPU\col\18686 |
| 801 | 1 | |a RU |b 63413507 |c 20131025 | |
| 801 | 2 | |a RU |b 63413507 |c 20140123 |g RCR | |
| 856 | 4 | |u http://www.lib.tpu.ru/fulltext2/m/2013/m254.pdf | |
| 942 | |c CF | ||